Natural Borders of the World - Statistics

General Stats
  • This quiz has been taken 35 times
  • The average score is 13 of 15
Answers on the Map
Answers color-coded by a green-red scale on the quiz's map according to % correct below.
 
Answer Stats
Answer % Correct
Andes
100%
Himalayas
100%
Alps
94%
Sahara Desert
94%
English Channel
91%
Red Sea
91%
Gobi Desert
88%
Ural Mountains
85%
Mekong River
82%
Pyrenees
82%
Rhine River
79%
Carpathian Mountains
70%
Caucasus Mountains
70%
Danube River
70%
Rio Grande
70%
No matching quizzes found
Score Distribution
Percent of People with Each Score
Percentile by Number Answered
Your Score History
You have not taken this quiz